000 00355cam a2200145ua 4500
003 OSt
008 250101b |||||||| |||| 00| 0 eng d
041 _aeng
082 _a621.37
_bMUR/CO
100 _aMurphy, Gerden J .
_96691
245 _aControl engineering /
260 _aToronto :
_bD Van nostrand co ,
_c1968.
300 _a385 ; .
942 _cBK
999 _c10387
_d10387